书目信息 |
| 题名: |
品尝生活
|
|
| 作者: | 吴志实 著 | |
| 分册: | ||
| 出版信息: | 北京 北京广播学院出版社 1992.12 |
|
| 页数: | 264页 | |
| 开本: | 32开 | |
| 丛书名: | ||
| 单 册: | ||
| 中图分类: | I267.1 | |
| 科图分类: | ||
| 主题词: | 散文--中国 , 散文--作品综合集--中国 | |
| 电子资源: | ||
| ISBN: | 7-81004-486-9 | |
| 000 | 00567nam0 2200205 45 | |
| 001 | 0011052096 | |
| 005 | 20001123104450.0 | |
| 010 | @a7-81004-486-9@d5.35元 | |
| 100 | @a20001105d1992 km y0chiy0120 ea | |
| 101 | 0 | @achi |
| 105 | @a z 000yy | |
| 200 | 1 | @a品尝生活@APin Chang Sheng Huo@f吴志实 著@FWu Zhi Shi Zhu |
| 210 | @a北京@c北京广播学院出版社@d1992.12 | |
| 215 | @a264页@d32开 | |
| 606 | 0 | @a散文@x中国 |
| 606 | 0 | @a散文@x作品综合集@x中国 |
| 690 | @aI267.1@v3 | |
| 701 | 0 | @a吴志实@4著 |
| 801 | @aCN@bPftUser@c20001105 | |
| 905 | @dI267.1@eW801@b502067@f1 | |
| 品尝生活/吴志实 著.-北京:北京广播学院出版社,1992.12 |
| 264页;32开 |
| ISBN 7-81004-486-9:5.35元 |
| ● |
| 相关链接 |
|
|
|
正题名:品尝生活
索取号:I267.1/W801
 
预约/预借
| 序号 | 登录号 | 条形码 | 馆藏地/架位号 | 状态 | 备注 |
| 1 | 502067 | 205020671 | 文学库116/422社科库 27排4列1层/ [索取号:I267.1/W801] | 在馆 |